[Event "Wch Seniors 23rd 2013"]
[Site "Opatija"]
[Date "2013.11.22"]
[Round "10.53"]
[White "Grabow, Pouelsten Holm"]
[Black "Krstic, Slobodan"]
[Result "0-1"]
[WhiteElo "2157"]
[BlackElo "2027"]
[PlyCount "122"]
[EventDate "2013.11.12"]

1. d4 e6 2. Nf3 f5 3. g3 Nf6 4. Bg2 d5 5. c4 c6 6. Bf4 Bb4+ 7. Bd2 Bd6 8. c5
Bc7 9. Nc3 b5 10. cxb6 axb6 11. O-O O-O 12. b4 Bd6 13. Qb3 Nbd7 14. Ng5 Qe7 15.
b5 Ra3 16. Qb2 Bb7 17. Rfc1 Rc8 18. bxc6 Rxc6 19. Nb5 Ra4 20. Rxc6 Bxc6 21.
Nxd6 Qxd6 22. Rc1 Bb7 23. Bf4 Qe7 24. Rc7 Rb4 25. Qc1 Ba6 26. Bf1 h6 27. Qc6
Rb1 28. Qa8+ Ne8 29. Bd6 Qxg5 30. Qxe8+ Kh7 31. Bf4 Nf6 32. Qxe6 Qg6 33. Kg2
Bc4 34. a4 Ne8 35. Qxg6+ Kxg6 36. Ra7 Ra1 37. Rb7 Rb1 38. a5 b5 39. a6 Ra1 40.
a7 b4 41. Rb8 Rxa7 42. Rxe8 Rb7 43. Bc1 b3 44. e3 Bxf1+ 45. Kxf1 Rc7 46. Ba3
Ra7 47. Rb8 Rxa3 48. Kg2 Kf6 49. h4 g5 50. Rb6+ Kg7 51. hxg5 hxg5 52. Rb5 Kf6
53. Rxd5 Ke6 54. Rb5 g4 55. Re5+ Kd6 56. Rxf5 Kc6 57. Rc5+ Kb6 58. Rc8 Kb5 59.
e4 Ra2 60. d5 Ra6 61. e5 b2 0-1

[Event "Wch Seniors 23rd 2013"]
[Site "Opatija"]
[Date "2013.11.22"]
[Round "10.54"]
[White "Kaminik, Aleksandar"]
[Black "Hocevar, Nikola"]
[Result "1-0"]
[WhiteElo "2138"]
[BlackElo "1996"]
[PlyCount "86"]
[EventDate "2013.11.12"]

1. d4 d5 2. c4 c6 3. Nf3 Nf6 4. Nc3 a6 5. e3 g6 6. b3 Bg7 7. Bd3 O-O 8. Bb2 b5
9. O-O Nbd7 10. Qe2 Bb7 11. e4 b4 12. Na4 dxe4 13. Bxe4 Qc7 14. Bc2 Rfe8 15.
Ne5 c5 16. f4 e6 17. Rad1 Bf8 18. Qf2 Rac8 19. Nxd7 Nxd7 20. d5 exd5 21. cxd5
c4 22. bxc4 Qxc4 23. Bb3 Qe2 24. Qd4 Qe3+ 25. Qxe3 Rxe3 26. f5 Bg7 27. fxg6
hxg6 28. Bxg7 Kxg7 29. Rc1 Rxc1 30. Rxc1 Nf6 31. Rd1 Nd7 32. Kf2 Re8 33. Rd4 a5
34. g4 Kf6 35. Rf4+ Kg7 36. g5 Re5 37. Rd4 Rxg5 38. Bc4 Kf6 39. Bb5 Ke5 40. Ke3
Kd6 41. Bxd7 Kxd7 42. Nc5+ Kc8 43. d6 Rxc5 1-0

[Event "Wch Seniors 23rd 2013"]
[Site "Opatija"]
[Date "2013.11.22"]
[Round "10.55"]
[White "Nilsson, Weine"]
[Black "Nickl, Klaus"]
[Result "0-1"]
[WhiteElo "2003"]
[BlackElo "2122"]
[PlyCount "136"]
[EventDate "2013.11.12"]

1. c4 Nf6 2. Nc3 g6 3. g3 Bg7 4. Bg2 O-O 5. Nf3 d6 6. O-O Nc6 7. b3 e5 8. Bb2
Re8 9. e3 Bf5 10. d4 exd4 11. Nxd4 Nxd4 12. exd4 c6 13. Qd2 Qd7 14. Rfe1 h5 15.
b4 d5 16. cxd5 Nxd5 17. Ne4 Bxe4 18. Bxe4 Nf6 19. Bg2 Qf5 20. Re5 Qd7 21. Rd1
Nd5 22. Ree1 Kh7 23. a3 Rad8 24. Qd3 a6 25. h4 Re7 26. Rxe7 Qxe7 27. Bf3 Kg8
28. Bxd5 Rxd5 29. Qe3 Qd7 30. Bc3 a5 31. Rd2 axb4 32. axb4 Kh7 33. Kg2 Rb5 34.
f4 Bf8 35. Rb2 Qd5+ 36. Kh2 Qc4 37. Qe1 Bg7 38. Qe3 Rd5 39. Rd2 Rd6 40. Qd3 Qd5
41. f5 Qxf5 42. Qxf5 gxf5 43. Kg2 Kg6 44. Kf3 Rd5 45. Rd3 Rb5 46. Rd2 Bf8 47.
Rb2 Bd6 48. Be1 Kf6 49. Ke3 Ke6 50. Kd3 Kd5 51. Rf2 f4 52. gxf4 Bxb4 53. Re2
Bxe1 54. Re5+ Kd6 55. Rxe1 Rb3+ 56. Ke4 Ke6 57. f5+ Kf6 58. Rf1 Rh3 59. Rf4 Rh1
60. Ke3 b5 61. Kd3 Rh3+ 62. Kc2 Rg3 63. d5 cxd5 64. Rb4 Kxf5 65. Rxb5 Ke4 66.
Rb4+ d4 67. Rb5 Rg2+ 68. Kd1 f5 0-1

[Event "Wch Seniors 23rd 2013"]
[Site "Opatija"]
[Date "2013.11.22"]
[Round "10.56"]
[White "Ashby, Anthony C"]
[Black "Ladisic, Alex-Sacha"]
[Result "1-0"]
[WhiteElo "2121"]
[BlackElo "1948"]
[PlyCount "51"]
[EventDate "2013.11.12"]

1. e4 e5 2. d4 exd4 3. Qxd4 Nc6 4. Qe3 Nf6 5. Nc3 Bb4 6. Bd2 O-O 7. O-O-O d6 8.
f3 a5 9. g4 Bxc3 10. Bxc3 Nb4 11. Kb1 Be6 12. a3 c5 13. g5 Ne8 14. f4 Qc7 15.
Nf3 Bd7 16. f5 b5 17. Rg1 Na6 18. Nh4 b4 19. Bxg7 Nxg7 20. g6 fxg6 21. Bc4+ Rf7
22. fxg6 hxg6 23. Rxg6 Kf8 24. Bxf7 Kxf7 25. Rxg7+ Kxg7 26. Qg5+ 1-0

[Event "Wch Seniors 23rd 2013"]
[Site "Opatija"]
[Date "2013.11.22"]
[Round "10.57"]
[White "Diaz Franco, Francisco Jorge"]
[Black "Hedin, Gunnar"]
[Result "1/2-1/2"]
[WhiteElo "1966"]
[BlackElo "2100"]
[PlyCount "107"]
[EventDate "2013.11.12"]

1. c4 f5 2. Nc3 Nf6 3. g3 g6 4. Bg2 Bg7 5. d4 O-O 6. Nf3 d6 7. O-O c6 8. Bf4
Nh5 9. e3 h6 10. h4 Qe8 11. d5 Bd7 12. Qd2 Na6 13. Nd4 Rc8 14. Nde2 Nxf4 15.
exf4 c5 16. Rae1 Qf7 17. Nc1 Nc7 18. a4 b6 19. Re2 a6 20. Rfe1 Bf6 21. Qd3 Qg7
22. N1a2 Rb8 23. Rb1 b5 24. axb5 axb5 25. b3 bxc4 26. bxc4 Rxb1+ 27. Nxb1 Rb8
28. Nc1 Bb2 29. Nb3 Ra8 30. Nxc5 dxc5 31. d6 e6 32. Bxa8 Nxa8 33. Qb3 Bf6 34.
Qb8+ Qf8 35. Qxf8+ Kxf8 36. Ra2 Nb6 37. Ra7 Ke8 38. Nd2 Bd8 39. f3 Nc8 40. Ra6
Bb6 41. Nb1 Bc6 42. Kg2 Bb7 43. Ra2 Kd7 44. Nc3 Bc6 45. Nb5 Nxd6 46. Nxd6 Kxd6
47. Kf2 Bb7 48. Ke3 h5 49. Rb2 Kc6 50. g4 Bd8 51. gxh5 gxh5 52. Rd2 Bxh4 53.
Rh2 Bf6 54. Rxh5 1/2-1/2

[Event "Wch Seniors 23rd 2013"]
[Site "Opatija"]
[Date "2013.11.22"]
[Round "10.58"]
[White "Marks, Ian A"]
[Black "Zhelesny, Stanislav"]
[Result "1/2-1/2"]
[WhiteElo "1948"]
[BlackElo "2109"]
[PlyCount "45"]
[EventDate "2013.11.12"]

1. d4 Nf6 2. c4 g6 3. Nc3 d5 4. Nf3 Bg7 5. cxd5 Nxd5 6. e4 Nb6 7. Be3 O-O 8. h3
Nc6 9. Be2 Na5 10. b3 c5 11. Rc1 cxd4 12. Nxd4 Bd7 13. O-O Nc6 14. Qd2 Nxd4 15.
Bxd4 Bc6 16. Rfd1 Qxd4 17. Qxd4 Bxd4 18. Rxd4 Rfd8 19. Rcd1 Rd7 20. Bb5 Rxd4
21. Rxd4 Rc8 22. Bxc6 Rxc6 23. Rd3 1/2-1/2

[Event "Wch Seniors 23rd 2013"]
[Site "Opatija"]
[Date "2013.11.22"]
[Round "10.59"]
[White "Belokopyt, Boris"]
[Black "Hutchinson, Norman A"]
[Result "0-1"]
[WhiteElo "1942"]
[BlackElo "2106"]
[PlyCount "60"]
[EventDate "2013.11.12"]

1. d4 Nf6 2. c4 e6 3. Nc3 Bb4 4. Bd2 O-O 5. Nf3 d5 6. e3 b6 7. Ne5 Bb7 8. cxd5
exd5 9. Bd3 Re8 10. O-O Bd6 11. f4 Ba6 12. Bxa6 Nxa6 13. a3 Nb8 14. Qf3 c6 15.
Be1 Qc8 16. h3 Ne4 17. Rc1 Nxc3 18. Rxc3 Bxe5 19. fxe5 Qe6 20. Rc2 a5 21. b4
Re7 22. bxa5 bxa5 23. Rc5 Raa7 24. e4 dxe4 25. Qxe4 Ra6 26. d5 cxd5 27. Qxd5
Qxd5 28. Rxd5 Nd7 29. Rb5 Rxe5 30. a4 {dirty manuscript} Nc5 0-1

[Event "Wch Seniors 23rd 2013"]
[Site "Opatija"]
[Date "2013.11.22"]
[Round "10.60"]
[White "Yakovlev, Yuri S"]
[Black "Gromark, Per-Olof"]
[Result "1/2-1/2"]
[WhiteElo "1951"]
[BlackElo "2102"]
[PlyCount "102"]
[EventDate "2013.11.12"]

1. e4 e5 2. Nf3 Nc6 3. Bc4 Bc5 4. c3 Nf6 5. d4 exd4 6. e5 d5 7. Bb5 Ne4 8. cxd4
Bb6 9. h3 O-O 10. O-O Bf5 11. Be3 a6 12. Be2 h6 13. Nc3 Qd7 14. Nh2 Rad8 15.
Bg4 Nxc3 16. bxc3 Na5 17. Qf3 Be6 18. Qg3 Kh7 19. f4 f5 20. exf6 Rxf6 21. Bxe6
Rxe6 22. Ng4 Qd6 23. Ne5 Rf6 24. Qh4 Nc4 25. Nxc4 dxc4 26. f5 c5 27. Bg5 cxd4
28. Bxf6 dxc3+ 29. Kh1 Bc7 30. g3 Qc6+ 31. Kg1 Bb6+ 32. Rf2 c2 33. Bxd8 Bxf2+
34. Kxf2 Qc5+ 35. Kf3 Qd5+ 36. Qe4 Qd1+ 37. Qe2 Qd5+ 38. Kf2 Qd4+ 39. Kg2 Qxa1
40. Qxc2 Qd4 41. Bc7 b5 42. f6+ g6 43. Qf2 Qd5+ 44. Kh2 Qf7 45. Ba5 Kg8 46. Bc3
h5 47. Qd4 Qe6 48. Qd8+ Kf7 49. Qc7+ Ke8 50. Qb8+ Kf7 51. Qc7+ Ke8 1/2-1/2

[Event "Wch Seniors 23rd 2013"]
[Site "Opatija"]
[Date "2013.11.22"]
[Round "10.61"]
[White "Ramos, Cesar"]
[Black "Hess, Christian"]
[Result "1/2-1/2"]
[WhiteElo "2009"]
[BlackElo "2285"]
[PlyCount "71"]
[EventDate "2013.11.12"]

1. e4 c6 2. d4 d5 3. e5 Bf5 4. Nf3 e6 5. Be2 Ne7 6. O-O Nc8 7. Nbd2 Nd7 8. Re1
Be7 9. Nf1 O-O 10. Ng3 Bg6 11. Bd3 Ncb6 12. Qe2 c5 13. c3 Rc8 14. Be3 cxd4 15.
cxd4 Nb8 16. Nd2 Nc6 17. Bxg6 hxg6 18. Rac1 Bb4 19. b3 Ba3 20. Rcd1 Be7 21. Nf3
Nd7 22. Rc1 Qa5 23. Rc2 Nb4 24. Rd2 Qa6 25. Qxa6 Nxa6 26. Rde2 Rc6 27. Rc1 Rfc8
28. Rxc6 Rxc6 29. Nf1 Nb4 30. Ne1 b5 31. a3 Na6 32. Rc2 Nab8 33. Rxc6 Nxc6 34.
Nc2 Nb6 35. Nd2 Kf8 36. Kf1 1/2-1/2

[Event "Wch Seniors 23rd 2013"]
[Site "Opatija"]
[Date "2013.11.22"]
[Round "10.64"]
[White "Schouten, Nico"]
[Black "Green, Per"]
[Result "1-0"]
[WhiteElo "2201"]
[BlackElo "1990"]
[PlyCount "95"]
[EventDate "2013.11.12"]

1. d4 Nf6 2. c4 e6 3. Nc3 Bb4 4. e3 O-O 5. Nf3 c5 6. Be2 d5 7. O-O Nc6 8. a3
Ba5 9. Na4 cxd4 10. exd4 h6 11. b4 Bc7 12. b5 Na5 13. c5 b6 14. Bd2 Nc4 15. Qc2
Nxd2 16. Qxd2 Ne4 17. Qb2 Qf6 18. Rac1 Ng5 19. cxb6 Nxf3+ 20. Bxf3 Bf4 21. Rxc8
Raxc8 22. bxa7 Bd6 23. b6 Qf4 24. g3 Qxf3 25. b7 Rcd8 26. Nb6 h5 27. Rc1 h4 28.
Qc3 Qg4 29. Nc8 h3 30. Qd3 e5 31. a8=Q e4 32. Qd1 Qg5 33. Qa5 e3 34. Qae1 Bf4
35. Rc3 Rfe8 36. Qf3 exf2+ 37. Qexf2 Bb8 38. Qxf7+ Kh8 39. Qf1 Qg4 40. Q7f3
Qxd4+ 41. Kh1 Re6 42. Qxh3+ Rh6 43. Qhg4 Qd2 44. h4 Re8 45. Ne7 Qe1+ 46. Kg2
Qxe7 47. Rc8 Re6 48. Qxe6 1-0

[Event "Wch Seniors 23rd 2013"]
[Site "Opatija"]
[Date "2013.11.22"]
[Round "10.65"]
[White "Ofstad, Per"]
[Black "Ramusch, Arnulf"]
[Result "1-0"]
[WhiteElo "2181"]
[BlackElo "1979"]
[PlyCount "95"]
[EventDate "2013.11.12"]

1. Nf3 d5 2. d4 Nf6 3. c4 e6 4. Nc3 Be7 5. Qc2 O-O 6. e3 Nbd7 7. b3 c5 8. Bd3
b6 9. O-O Bb7 10. cxd5 exd5 11. Bb2 Rc8 12. Qe2 Re8 13. Rac1 Qc7 14. Rfd1 Qb8
15. Bf5 a6 16. Ne5 Rcd8 17. Nxd7 Nxd7 18. Bxd7 Rxd7 19. dxc5 bxc5 20. Qg4 Rd6
21. Nxd5 Rg6 22. Qd7 Bd6 23. g3 h5 24. Nf4 Bxf4 25. exf4 Bc6 26. Qd3 Be4 27.
Qc3 Qxf4 28. Re1 h4 29. Re3 hxg3 30. hxg3 f5 31. Rf1 Qg5 32. Rd1 Rd8 33. Rf1
Qg4 34. Qc4+ Kh7 35. Qe2 Qg5 36. Be5 Rc6 37. Bf4 Qg6 38. Rd1 Rd4 39. Rc3 Qe8
40. Rdc1 Qd7 41. Be3 Rcd6 42. Qh5+ Rh6 43. Bxh6 g6 44. Qh4 Rd1+ 45. Kh2 Kg8 46.
Qf4 Qd4 47. Qe3 Rd2 48. Qxd2 1-0

[Event "Wch Seniors 23rd 2013"]
[Site "Opatija"]
[Date "2013.11.22"]
[Round "10.67"]
[White "Theting, Helge E"]
[Black "Hjertenes, Oystein"]
[Result "0-1"]
[WhiteElo "1979"]
[BlackElo "2102"]
[PlyCount "148"]
[EventDate "2013.11.12"]

1. Nf3 Nf6 2. g3 g6 3. Bg2 Bg7 4. O-O O-O 5. d3 d5 6. Nbd2 c5 7. e4 e6 8. Re1
Nc6 9. c3 b6 10. e5 Nd7 11. d4 Ba6 12. Bf1 Qc8 13. Bxa6 Qxa6 14. Nf1 cxd4 15.
cxd4 Rac8 16. Bd2 Rc7 17. Ne3 Qd3 18. Rc1 Rfc8 19. Rc3 Qa6 20. a3 Qb7 21. Ng4
Nd8 22. Rxc7 Qxc7 23. Bg5 h5 24. Nh6+ Bxh6 25. Bxh6 Qc2 26. Qa1 Qd3 27. Be3 Rc2
28. Rd1 Qa6 29. Qb1 Qc8 30. Ne1 Rc7 31. Nd3 Nf8 32. Bg5 Nc6 33. Ne1 Nh7 34. Be3
Ne7 35. Qd3 Nf5 36. Bd2 Rc4 37. Bc3 Kg7 38. f3 Nf8 39. Ng2 Nh7 40. g4 hxg4 41.
fxg4 Ne7 42. Rf1 Ng8 43. h4 Qe8 44. Qf3 f6 45. Qf4 f5 46. gxf5 gxf5 47. Ne3 Rc7
48. Rf2 Kh8 49. Qf3 Rg7+ 50. Kf1 Qb5+ 51. Re2 Qd3 52. Kf2 Nh6 53. Rd2 Ng4+ 54.
Nxg4 Qxf3+ 55. Kxf3 Rxg4 56. Rh2 Nf8 57. Bb4 Kg7 58. h5 Nh7 59. Rc2 Ng5+ 60.
Ke3 f4+ 61. Kf2 Nh3+ 62. Kf3 Rg3+ 63. Ke2 Rg2+ 64. Kd3 Rxc2 65. Kxc2 Kh6 66.
Kd3 Kxh5 67. Ke2 Kg4 68. Be1 f3+ 69. Kf1 Kf4 70. Bc3 Ke3 71. Ke1 f2+ 72. Kf1
Kf3 73. Bd2 Ng1 74. Bg5 Ne2 0-1

[Event "Wch Seniors 23rd 2013"]
[Site "Opatija"]
[Date "2013.11.22"]
[Round "10.68"]
[White "Danielsson, Robert"]
[Black "Skok, Joze"]
[Result "0-1"]
[WhiteElo "2098"]
[BlackElo "2003"]
[PlyCount "74"]
[EventDate "2013.11.12"]

1. d4 Nf6 2. c4 g6 3. Nc3 d5 4. cxd5 Nxd5 5. g3 Bg7 6. Bg2 Nxc3 7. bxc3 O-O 8.
e3 c5 9. Ne2 Qc7 10. O-O Nd7 11. a4 Rb8 12. Ba3 b6 13. Qd3 Rd8 14. Qc4 Bb7 15.
Rfc1 Bxg2 16. Kxg2 Rbc8 17. Kg1 Qb7 18. Qb3 Qf3 19. Qa2 e5 20. Qd2 Nf6 21. Qe1
Ne4 22. Bb2 Ng5 23. Qf1 Qg4 24. f4 Nf3+ 25. Kg2 Nd2 26. Qf2 Nb3 27. fxe5 Nxa1
28. Bxa1 Qe4+ 29. Qf3 Qxf3+ 30. Kxf3 cxd4 31. exd4 Rc4 32. h4 Rxa4 33. Ke4 Bxe5
34. Kxe5 Re8+ 35. Kd6 Rxe2 36. c4 Rea2 37. c5 bxc5 0-1

[Event "Wch Seniors 23rd 2013"]
[Site "Opatija"]
[Date "2013.11.22"]
[Round "10.71"]
[White "Bondar, Leonid"]
[Black "Kayaman, Metin"]
[Result "1/2-1/2"]
[WhiteElo "2049"]
[BlackElo "1865"]
[PlyCount "137"]
[EventDate "2013.11.12"]

1. e4 c5 2. Nf3 Nc6 3. d4 cxd4 4. Nxd4 Nf6 5. Nc3 d6 6. Bg5 e6 7. Be2 a6 8. O-O
Be7 9. Qd2 O-O 10. Rad1 Bd7 11. Be3 Nxd4 12. Bxd4 Bc6 13. f3 Qc7 14. Qe3 Nd7
15. Qf2 b5 16. Bd3 b4 17. Ne2 Ne5 18. Qg3 g6 19. f4 Nxd3 20. cxd3 f5 21. Qe3
fxe4 22. dxe4 Qb7 23. Ng3 Bb5 24. Rf2 Rac8 25. Re1 Qc6 26. b3 Qc7 27. Bb2 Qc5
28. Bd4 Qc6 29. Bb2 Qc5 30. Bd4 Qc7 31. f5 e5 32. Bb6 Qc3 33. Rf3 Qxe3+ 34.
Bxe3 Rc2 35. Rf2 Rfc8 36. Rd1 R8c3 37. Rxc2 Rxc2 38. Rd2 Rxd2 39. Bxd2 a5 40.
Kf2 Bd3 41. Be3 d5 42. Bb6 dxe4 43. fxg6 hxg6 44. Ke3 Kf7 45. Bxa5 Bc5+ 46. Kd2
Ke6 47. Ne2 Kd5 48. h4 Bb5 49. Ke1 e3 50. g4 Be8 51. Ng3 Be7 52. g5 Bc5 53. Ke2
Kd4 54. Bc7 Bd7 55. Ke1 Bg4 56. Bb8 Kd5 57. Bc7 Bd4 58. Kf1 Bc3 59. Bb6 Bd2 60.
Ba7 e4 61. Bb6 Ke5 62. Ba7 Bf3 63. Bb8+ Kd4 64. Ba7+ Kd3 65. Bc5 Kc2 66. h5
gxh5 67. g6 Bc3 68. Ne2 Bg7 69. Bxb4 {Dirty manuscript!} 1/2-1/2

[Event "Wch Seniors 23rd 2013"]
[Site "Opatija"]
[Date "2013.11.22"]
[Round "10.72"]
[White "Doubleday, William G"]
[Black "Pressl, Harald"]
[Result "1-0"]
[WhiteElo "2037"]
[BlackElo "1802"]
[PlyCount "107"]
[EventDate "2013.11.12"]

1. d4 Nf6 2. c4 e6 3. Nc3 Bb4 4. e3 O-O 5. Nge2 d5 6. a3 Be7 7. cxd5 exd5 8. g3
c6 9. Bg2 Bf5 10. f3 Qd7 11. h3 Qe6 12. g4 Bg6 13. Nf4 Qd6 14. Qe2 Re8 15. h4
h6 16. Nxg6 fxg6 17. Bd2 Bf8 18. Kf2 Nbd7 19. Qd3 Re7 20. Ne2 Rf7 21. Kg1 Be7
22. Nf4 Nf8 23. Nxg6 Nxg6 24. Qxg6 Ne4 25. Qxd6 Nxd6 26. b3 Re8 27. a4 a6 28.
Rc1 Bd8 29. h5 Re6 30. Re1 Bb6 31. Rc1 Bc7 32. f4 Ne4 33. Bxe4 Rxe4 34. Rh3 Re6
35. Kf2 g6 36. hxg6 Rxg6 37. Kf3 Rfg7 38. Rg1 Re7 39. Rh5 Kg7 40. Rgh1 b6 41.
Rf5 Rf7 42. Rhh5 Re7 43. Be1 Rge6 44. Bf2 b5 45. g5 hxg5 46. Rfxg5+ Rg6 47.
Rxg6+ Kxg6 48. Rh8 b4 49. Rc8 Kh5 50. Rg8 Rf7 51. Bh4 Kh6 52. Bg5+ Kh7 53. Ra8
a5 54. Ra6 1-0

[Event "Wch Seniors 23rd 2013"]
[Site "Opatija"]
[Date "2013.11.22"]
[Round "10.73"]
[White "Petzold, Hans"]
[Black "Masich, Vladimir"]
[Result "1-0"]
[WhiteElo "2130"]
[BlackElo "1931"]
[PlyCount "49"]
[EventDate "2013.11.12"]

1. e4 d6 2. d4 Nf6 3. Nc3 g6 4. f3 e5 5. Bg5 Be7 6. Bh6 exd4 7. Qxd4 Nc6 8. Bb5
Bd7 9. Bxc6 Bxc6 10. O-O-O Rg8 11. Nh3 Nd7 12. Nd5 Bxd5 13. exd5 f6 14. Rhe1
Ne5 15. Bd2 Qd7 16. Nf2 Qb5 17. f4 Nd7 18. Bc3 Qb6 19. Ng4 Qxd4 20. Bxd4 Rf8
21. Re6 h5 22. Nh6 Rh8 23. Rde1 Rxh6 24. Rxe7+ Kf8 25. Rxd7 1-0

[Event "Wch Seniors 23rd 2013"]
[Site "Opatija"]
[Date "2013.11.22"]
[Round "10.74"]
[White "Gonzalez Pabollet, Jesus Maria"]
[Black "Andersson, Kaj"]
[Result "0-1"]
[WhiteElo "1970"]
[BlackElo "2062"]
[PlyCount "54"]
[EventDate "2013.11.12"]

1. Nf3 d5 2. e3 Nf6 3. c4 c6 4. b3 g6 5. Bb2 Bg7 6. Be2 O-O 7. O-O Nbd7 8. Qc2
Re8 9. d4 Ne4 10. Rd1 Ndf6 11. Ne5 Bf5 12. Bd3 Rc8 13. c5 Nd7 14. f3 Bxe5 15.
dxe5 Nexc5 16. Bxf5 gxf5 17. Qxf5 e6 18. Qh5 Nf8 19. Rd4 Ng6 20. Rg4 Kh8 21.
Nd2 Rg8 22. Rf1 Qa5 23. Rd4 Qxa2 24. Bc1 Nd7 25. f4 Qc2 26. Ne4 Nxf4 27. Qf3
Rxg2+ 0-1

[Event "Wch Seniors 23rd 2013"]
[Site "Opatija"]
[Date "2013.11.22"]
[Round "10.75"]
[White "Bornand, Herbert"]
[Black "Davydov, Mihail"]
[Result "1/2-1/2"]
[WhiteElo "1966"]
[BlackElo "2058"]
[PlyCount "30"]
[EventDate "2013.11.12"]

1. d4 d5 2. Nc3 Nf6 3. Bg5 Bf5 4. Bxf6 exf6 5. e3 Bb4 6. Nge2 c6 7. Ng3 Bg6 8.
Bd3 Nd7 9. a3 Bxc3+ 10. bxc3 Qa5 11. Qd2 O-O 12. c4 Qxd2+ 13. Kxd2 dxc4 14.
Bxc4 b5 15. Bd3 Bxd3 1/2-1/2

[Event "Wch Seniors 23rd 2013"]
[Site "Opatija"]
[Date "2013.11.22"]
[Round "10.76"]
[White "Catania, Duane"]
[Black "Lovejoy, David"]
[Result "1-0"]
[WhiteElo "2029"]
[BlackElo "1943"]
[PlyCount "77"]
[EventDate "2013.11.12"]

1. e4 e5 2. Nf3 Nc6 3. Bc4 Bc5 4. c3 Nf6 5. d3 d6 6. O-O a6 7. a3 h6 8. Bb3 Ba7
9. h3 O-O 10. Re1 Ne7 11. d4 Ng6 12. Be3 Qe7 13. Nbd2 Be6 14. Bc2 c6 15. Nf1
Rfd8 16. Ng3 Qf8 17. Nf5 Bb8 18. Qc1 Bc7 19. g4 Rd7 20. Kh1 Re8 21. g5 hxg5 22.
Nxg5 Nh5 23. Qd1 Ngf4 24. Bxf4 Nxf4 25. Qg4 f6 26. Nxe6 Rxe6 27. Bb3 d5 28.
exd5 cxd5 29. c4 Qe8 30. cxd5 Rb6 31. Re3 Bd6 32. Qxf4 Rxb3 33. Rg1 Rxe3 34.
Qxe3 Qh5 35. Nxd6 Rxd6 36. Qg3 Qf7 37. dxe5 fxe5 38. Qxe5 Rxd5 39. Rxg7+ 1-0

[Event "Wch Seniors 23rd 2013"]
[Site "Opatija"]
[Date "2013.11.22"]
[Round "10.77"]
[White "Baumgarten, Werner"]
[Black "Belistri, Ubaldo"]
[Result "0-1"]
[WhiteElo "1943"]
[BlackElo "2016"]
[PlyCount "120"]
[EventDate "2013.11.12"]

1. d4 Nf6 2. c4 g6 3. Nc3 Bg7 4. e4 d6 5. f3 O-O 6. Bg5 c6 7. Qd2 e5 8. d5 Qa5
9. a3 cxd5 10. b4 Qb6 11. cxd5 Bd7 12. Bd3 Na6 13. Nge2 Rfc8 14. Be3 Qd8 15.
O-O Nc7 16. a4 Na6 17. Rfb1 Bf8 18. a5 Qe8 19. Rb2 Qd8 20. Bxa6 bxa6 21. Qd3
Nh5 22. g3 f5 23. Qxa6 Qf6 24. Qd3 f4 25. Bf2 fxg3 26. hxg3 Bh6 27. Kg2 Qg5 28.
Rh1 Rf8 29. b5 Rf7 30. b6 axb6 31. axb6 Bc8 32. Ra2 Rxa2 33. Nxa2 Qf6 34. Nb4
Bg4 35. f4 Bxe2 36. Qxe2 exf4 37. Qg4 fxg3 38. Be1 Qb2+ 39. Kh3 g2 40. Rg1 Nf4+
41. Kh2 Qc1 42. Bg3 Qc4 43. Nc6 Qb3 44. Bxf4 Bxf4+ 45. Kxg2 Qxb6 46. Re1 Kg7
47. Re2 h5 48. Qe6 Qb3 49. Qh3 Qxh3+ 50. Kxh3 Kf6 51. Nd4 Ra7 52. Rf2 g5 53.
Re2 Ra3+ 54. Kg2 h4 55. Nc2 Ra2 56. Kf3 h3 57. Kf2 g4 58. e5+ Bxe5 59. Ne3
Rxe2+ 60. Kxe2 g3 0-1

[Event "Wch Seniors 23rd 2013"]
[Site "Opatija"]
[Date "2013.11.22"]
[Round "10.78"]
[White "Morriss, Pete"]
[Black "Choong, Liong-On Mark"]
[Result "0-1"]
[WhiteElo "2008"]
[BlackElo "1924"]
[PlyCount "54"]
[EventDate "2013.11.12"]

1. b4 e5 2. Bb2 d6 3. c4 Nf6 4. e3 Be7 5. Nf3 c6 6. Be2 h6 7. Nc3 O-O 8. Qc2
Re8 9. a4 Nbd7 10. d4 e4 11. Nxe4 Nxe4 12. Qxe4 d5 13. Qc2 Bxb4+ 14. Kf1 Bd6
15. cxd5 cxd5 16. g3 Nf6 17. Kg2 Ne4 18. Qb3 Be6 19. Bb5 Rf8 20. Ba3 Bxa3 21.
Qxa3 Qf6 22. Rhc1 Bh3+ 23. Kxh3 Qxf3 24. Qa2 Ng5+ 25. Kh4 Qg2 26. Kg4 f5+ 27.
Kf4 Qe4# 0-1

[Event "Wch Seniors 23rd 2013"]
[Site "Opatija"]
[Date "2013.11.22"]
[Round "10.79"]
[White "Neumann, Horst"]
[Black "Mckerracher, Douglas"]
[Result "1/2-1/2"]
[WhiteElo "1929"]
[BlackElo "2006"]
[PlyCount "71"]
[EventDate "2013.11.12"]

1. d4 f5 2. Bf4 Nf6 3. e3 e6 4. Bd3 Be7 5. h3 d6 6. Nf3 O-O 7. O-O b6 8. Qe2
Bb7 9. Nbd2 Ne4 10. Bc4 d5 11. Bd3 c5 12. c3 Nd7 13. Ne5 Nxe5 14. Bxe5 Qe8 15.
Nf3 c4 16. Bc2 Qh5 17. Rae1 b5 18. Nd2 Qg6 19. Bxe4 fxe4 20. b3 b4 21. cxb4
Bxb4 22. bxc4 Ba6 23. Rb1 Bxd2 24. Qxd2 Bxc4 25. Rfc1 Qf7 26. Rb2 Rfd8 27. Rcb1
h6 28. Rb7 Rd7 29. Qb2 Rad8 30. Rb8 Kh7 31. Rxd8 Rxd8 32. a4 Rd7 33. a5 a6 34.
Qb6 Bb5 35. Rc1 Rb7 36. Rc7 1/2-1/2

[Event "Wch Seniors 23rd 2013"]
[Site "Opatija"]
[Date "2013.11.22"]
[Round "10.80"]
[White "Jorgensen, Arne Bjorn"]
[Black "Bohman, Leif"]
[Result "1-0"]
[WhiteElo "1999"]
[BlackElo "1880"]
[PlyCount "81"]
[EventDate "2013.11.12"]

1. d4 d5 2. c4 c6 3. Nf3 Nf6 4. Nc3 a6 5. a4 dxc4 6. e3 Bf5 7. Bxc4 e6 8. O-O
Bd6 9. Qe2 Ne4 10. Bd3 Nxc3 11. bxc3 Bxd3 12. Qxd3 O-O 13. e4 h6 14. e5 Be7 15.
c4 Nd7 16. Rd1 Qc7 17. Bb2 Rad8 18. Bc3 Rfe8 19. a5 Nf8 20. Rab1 Rd7 21. Rd2
Ng6 22. Qe4 Rb8 23. c5 Qc8 24. Rdb2 Bd8 25. Nd2 Bc7 26. Nc4 Ne7 27. Nd6 Bxd6
28. exd6 Nd5 29. Bd2 Qd8 30. Rb3 Kh8 31. Rf3 Qg8 32. Rb2 Qh7 33. Qe2 Re8 34.
Rfb3 Qf5 35. Rxb7 Rxb7 36. Rxb7 e5 37. h3 f6 38. dxe5 Rxe5 39. Qg4 Qxg4 40.
hxg4 Re8 41. Ra7 1-0

[Event "Wch Seniors 23rd 2013"]
[Site "Opatija"]
[Date "2013.11.22"]
[Round "10.81"]
[White "King, Melvyn"]
[Black "Mortensen, Steen Juul"]
[Result "1/2-1/2"]
[WhiteElo "1890"]
[BlackElo "1999"]
[PlyCount "48"]
[EventDate "2013.11.12"]

1. e4 e5 2. Nf3 Nc6 3. d4 exd4 4. Nxd4 Nf6 5. Nxc6 bxc6 6. Bd3 d5 7. e5 Ng4 8.
Bf4 Bc5 9. O-O f6 10. h3 Nxe5 11. Bxe5 fxe5 12. Qh5+ Kf8 13. Qxe5 Bd6 14. Qh5
Qf6 15. Nd2 g6 16. Qh6+ Kf7 17. g3 Bf8 18. Qe3 Bxh3 19. Rfc1 Bd6 20. Qf3 Rhe8
21. Qh1 Bf5 22. Qxh7+ Qg7 23. Qxg7+ Kxg7 24. Bxf5 gxf5 1/2-1/2

[Event "Wch Seniors 23rd 2013"]
[Site "Opatija"]
[Date "2013.11.22"]
[Round "10.82"]
[White "Norman, Dinah M"]
[Black "Cao, Jorge"]
[Result "1-0"]
[WhiteElo "1800"]
[BlackElo "1990"]
[PlyCount "89"]
[EventDate "2013.11.12"]

1. d4 Nf6 2. Nf3 g6 3. Bf4 Nh5 4. Bg3 Bg7 5. e3 O-O 6. Be2 d6 7. c3 Nc6 8. O-O
Nxg3 9. hxg3 e5 10. Nbd2 Kh8 11. a4 a5 12. d5 Ne7 13. e4 h6 14. Nh2 f5 15. c4
b6 16. Bd3 f4 17. g4 g5 18. Be2 Ng6 19. Ra3 Bf6 20. Rc3 Kg7 21. b3 Rh8 22. Re1
Bd7 23. Rf1 Qe7 24. Re1 Nh4 25. Ndf3 Ng6 26. Nd2 Rh7 27. Rh3 Rah8 28. Rf1 Be8
29. Re1 Nh4 30. Ndf3 h5 31. Nxh4 gxh4 32. gxh5 Bxh5 33. Bxh5 Rxh5 34. Nf3 Kf8
35. Kh2 Qg7 36. Rg1 R5h6 37. Ne1 Rg8 38. Qf3 Kf7 39. Rf1 Rg6 40. Kh1 Rg4 41.
Kh2 Qh6 42. Rh1 Qg6 43. Kg1 Qh7 44. Kf1 Kg7 45. Qxg4+ 1-0

[Event "Wch Seniors 23rd 2013"]
[Site "Opatija"]
[Date "2013.11.22"]
[Round "10.83"]
[White "Zybura, Andre"]
[Black "Korenevski, Oleg"]
[Result "0-1"]
[WhiteElo "1990"]
[BlackElo "1880"]
[PlyCount "44"]
[EventDate "2013.11.12"]

1. e4 e5 2. Bc4 Nf6 3. d4 exd4 4. Nf3 Nc6 5. O-O Bc5 6. e5 d5 7. exf6 dxc4 8.
Re1+ Be6 9. Ng5 g6 10. Rxe6+ fxe6 11. Nxe6 Qd6 12. Qe1 d3 13. f7+ Kxf7 14. Ng5+
Kg8 15. Qe4 dxc2 16. Nd2 Qd4 17. Qe2 Rf8 18. Ne6 Qxf2+ 19. Qxf2 Bxf2+ 20. Kf1
Rf6 21. Ne4 Rxe6 22. Nxf2 Nd4 0-1